Central Library OPAC University of Rajshahi

Scientific thought in poetry / (Record no. 17575)

MARC details
000 -LEADER
fixed length control field 00855nam a22002652a 4500
001 - CONTROL NUMBER
control field 17575
003 - CONTROL NUMBER IDENTIFIER
rucl marc code BD-RjUL
005 - DATE AND TIME OF LATEST TRANSACTION
control field 20211209000149.0
008 - FIXED-LENGTH DATA ELEMENTS--GENERAL INFORMATION
fixed length control field 140217s1966 nyu b 001 0 eng d
035 ## - SYSTEM CONTROL NUMBER
System control number (BD-RjUL)17633
040 ## - CATALOGING SOURCE
Original cataloging agency DLC
Transcribing agency TJC
Modifying agency SER
-- EQO
Language of cataloging eng
041 ## - LANGUAGE CODE
Language code of text/sound track or separate title eng
082 ## - DEWEY DECIMAL CLASSIFICATION NUMBER
Classification number 808.1
Author mark and year CRS
100 1# - MAIN ENTRY--PERSONAL NAME
Personal name Crum, Ralph Brinckerhoff,
Dates associated with a name 1888-
9 (RLIN) 54169
245 10 - TITLE STATEMENT
Title Scientific thought in poetry /
Statement of responsibility, etc. Ralph B. Crum ...
260 ## - PUBLICATION, DISTRIBUTION, ETC. (IMPRINT)
Place of publication, distribution, etc. New York :
Name of publisher, distributor, etc. Columbia University Press,
Date of publication, distribution, etc. 1966.
300 ## - PHYSICAL DESCRIPTION
Pagination 246 p. ;
Size 21 cm
490 1# - SERIES STATEMENT
Series statement Columbia University studies in English and comparative literature
504 ## - BIBLIOGRAPHY, ETC. NOTE
Bibliography, etc Bibliography: p. [239]-242
650 #0 - SUBJECT ADDED ENTRY--TOPICAL TERM
Topical term or geographic name as entry element Poetry.
9 (RLIN) 54170
Topical term or geographic name as entry element Literature and science
9 (RLIN) 53108
830 #0 - SERIES ADDED ENTRY--UNIFORM TITLE
Uniform title Columbia University studies in English and comparative literature
942 ## - ADDED ENTRY ELEMENTS (KOHA)
Source of classification or shelving scheme Dewey Decimal Classification
Koha item type Books
Holdings
Lost status Source of classification or shelving scheme Damaged status Not for loan Collection code Permanent Location Current Location Shelving location Date acquired Source of acquisition Cost, normal purchase price Total Checkouts Full call number Date last seen Copy number Koha item type
  Dewey Decimal Classification   Not For Loan Fiction Central Library, University of Rajshahi Central Library, University of Rajshahi Reading Room 27/01/1971 Zeitlinger 95.00   808.1 CRS 1966 17/02/2014 C-1 Books